[Event "ICS rated blitz match"]
[Site "207.99.83.229"]
[Date "1999.07.07"]
[Round "?"]
[White "timuka"]
[Black "Hossa"]
[Result "1-0"]
[WhiteElo "2243"]
[BlackElo "2384"]
[PlyCount "119"]

1. e4 c5 2. Nc3 Nc6 3. Nf3 e6 4. d4 cxd4 5. Nxd4 Bb4 6. Be3 Bxc3+ 7. bxc3 Nge7
8. Be2 d5 9. exd5 Qxd5 10. Bf3 Qc4 11. Be2 Qxc3+ 12. Kf1 O-O 13. Nb5 Qe5 14.
Rb1 Rd8 15. Qc1 Nd5 16. Bd2 a6 17. Na3 Nc3 18. Bxc3 Qxc3 19. Rb3 Qd2 20. Qxd2
Rxd2 21. Ke1 Rd8 22. Nc4 Nd4 23. Rd3 Nxc2+ 24. Kd2 Rxd3+ 25. Bxd3 Nb4 26. Nb6
Rb8 27. Rc1 Nc6 28. Be4 Bd7 29. Nxd7 Rd8 30. Bxc6 bxc6 31. Rxc6 Rxd7+ 32. Ke3
f6 33. Rxa6 Kf7 34. a4 e5 35. a5 Rd4 36. Rc6 Rd7 37. a6 Ra7 38. Rb6 Ke8 39. Ke4
Kd7 40. Kd5 h5 41. h4 Ra8 42. f3 Ra7 43. g4 hxg4 44. fxg4 Kc7 45. Rc6+ Kd7 46.
h5 Ke7 47. Rb6 Ra8 48. Rb7+ Kf8 49. a7 Rxa7 50. Rxa7 Kg8 51. Ke6 Kh7 52. Kf5
Kh6 53. Ra8 Kh7 54. Re8 e4 55. Kxe4 Kh6 56. Kf5 g6+ 57. hxg6 Kg7 58. Re7+ Kf8
59. Kxf6 Kg8 60. Re8# {Hossa checkmated} 1-0

[Event "ICS rated blitz match"]
[Site "207.99.83.229"]
[Date "1999.07.07"]
[Round "?"]
[White "Hossa"]
[Black "timuka"]
[Result "1-0"]
[WhiteElo "2376"]
[BlackElo "2267"]
[PlyCount "121"]

1. e4 c5 2. Nf3 Nc6 3. d4 cxd4 4. Nxd4 g6 5. Nc3 Bg7 6. Be3 Nf6 7. Bc4 O-O 8.
Bb3 d6 9. O-O Nxd4 10. Bxd4 a6 11. Nd5 Nxd5 12. Bxg7 Kxg7 13. Qxd5 Rb8 14. Qg5
b5 15. e5 d5 16. a4 b4 17. Rad1 e6 18. Qe3 Qa5 19. Qf4 Bd7 20. Rd3 h6 21. Re3
Qd8 22. Rf3 Qg5 23. Qxg5 hxg5 24. Rg3 Kh6 25. Rd1 Rfc8 26. Rd4 Rc5 27. Rgg4 a5
28. Rd3 Rbc8 29. Rh3+ Kg7 30. Kf1 Rxc2 31. Bxc2 Rxc2 32. b3 Rb2 33. Rf3 Bc6 34.
Rxg5 d4 35. Rd3 Bd5 36. Rgg3 Kf8 37. f4 Ke7 38. h4 Kd8 39. Rxd4 Kc7 40. Rdd3
Kb6 41. Rde3 Kc5 42. Ke1 Kd4 43. Kd1 Be4 44. h5 gxh5 45. Re2 Rb1+ 46. Kd2 Rf1
47. Rg7 Rxf4 48. Rg5 Bd5 49. Kc2 Rf1 50. Rxh5 Ra1 51. Rh4+ Kc5 52. Kb2 Ra3 53.
Rc2+ Kb6 54. Rcc4 Bxc4 55. Rxc4 Kb7 56. Rc5 Kb6 57. Rb5+ Ka6 58. g4 Ka7 59.
Rxa5+ Kb6 60. Rb5+ Ka6 61. Rxb4 {timuka resigns} 1-0

[Event "ICS rated blitz match"]
[Site "207.99.83.229"]
[Date "1999.07.07"]
[Round "?"]
[White "Hossa"]
[Black "CHESSMAVRK"]
[Result "1-0"]
[WhiteElo "2381"]
[BlackElo "2074"]
[PlyCount "37"]

1. e4 c5 2. Nf3 Nc6 3. d4 cxd4 4. Nxd4 e5 5. Nxc6 bxc6 6. Bc4 Ba6 7. Bxa6 Qa5+
8. Nc3 Qxa6 9. Qf3 Nf6 10. Bg5 Be7 11. O-O-O Rb8 12. Qf5 O-O 13. Bxf6 Bxf6 14.
Rxd7 Qb6 15. Nd1 c5 16. g4 g6 17. Qf3 Bg5+ 18. Kb1 Rfd8 19. Qxf7+ {
CHESSMAVRK resigns} 1-0

[Event "ICS Rated standard match"]
[Site "207.99.83.229"]
[Date "1999.07.07"]
[Round "?"]
[White "Hossa"]
[Black "Amateur"]
[Result "1-0"]
[WhiteElo "2377"]
[BlackElo "2319"]
[PlyCount "193"]

1. b3 e6 2. e4 Nf6 3. e5 Nd5 4. Nf3 Be7 5. Bc4 O-O 6. O-O Nc6 7. d4 d6 8. Bb5
Bd7 9. c4 Nb6 10. Ba3 a6 11. Bxc6 Bxc6 12. Nc3 d5 13. Bxe7 Qxe7 14. c5 Nd7 15.
Qe2 b6 16. cxb6 cxb6 17. Rac1 b5 18. Qe3 Rfc8 19. Rc2 b4 20. Ne2 Bb5 21. Rfc1
Rxc2 22. Rxc2 a5 23. Nf4 a4 24. Qc1 Qd8 25. Kh1 axb3 26. axb3 Qf8 27. Kg1 Qd8
28. Qd2 Ra1+ 29. Rc1 Rxc1+ 30. Qxc1 Qa8 31. Kh1 Qa2 32. Qc8+ Nf8 33. Qc5 Ba6
34. Qxb4 Qxf2 35. Qe1 Qc2 36. b4 Bc4 37. h3 Nd7 38. Kh2 Qb3 39. Nh5 Qa3 40. h4
h6 41. Kg1 Qb2 42. Qd2 Qa3 43. Kh1 Qb3 44. Qe1 Qb2 45. Nf4 Nb8 46. Nh5 Nc6 47.
Qg3 Qc1+ 48. Kh2 g6 49. Nf6+ Kf8 50. h5 g5 51. Nh7+ Kg7 52. Nfxg5 hxg5 53. Nxg5
Kf8 54. h6 Bd3 55. h7 Bxh7 56. Nxh7+ Ke7 57. Qh4+ Kd7 58. b5 Na7 59. Qf6 Kc8
60. Qxf7 Qh6+ 61. Kg3 Nxb5 62. Qe8+ Kc7 63. Qxb5 Qxh7 64. Qc5+ Kb7 65. Qb4+ Kc8
66. Qd2 Kd7 67. Qf4 Qg6+ 68. Kf3 Kc6 69. g4 Kb5 70. Qd2 Qe4+ 71. Kg3 Kc4 72. g5
Qg6 73. Qe3 Qc2 74. Qf2 Qd3+ 75. Kg4 Qd1+ 76. Kh4 Qh1+ 77. Kg3 Qc1 78. Qf6 Qg1+
79. Kh4 Qh1+ 80. Kg4 Qd1+ 81. Qf3 Qg1+ 82. Kh5 Kxd4 83. Qf6 Qh2+ 84. Kg6 Ke4
85. Kf7 Qh7+ 86. Kf8 Qc7 87. g6 Qb8+ 88. Kf7 Qa7+ 89. Qe7 Qf2+ 90. Ke8 Kxe5 91.
Qg5+ Kd4 92. g7 e5 93. g8=Q Qf4 94. Qxf4+ exf4 95. Kd7 f3 96. Kd6 f2 97. Qg2 {
Amateur resigns} 1-0

[Event "ICS Rated blitz match"]
[Site "207.99.83.229"]
[Date "1999.07.07"]
[Round "?"]
[White "Hossa"]
[Black "occam"]
[Result "1/2-1/2"]
[WhiteElo "2386"]
[BlackElo "2241"]
[PlyCount "87"]

1. e4 c5 2. Nf3 Nc6 3. d4 cxd4 4. Nxd4 e5 5. Nxc6 bxc6 6. Bc4 Nf6 7. Nc3 Bb4 8.
Bg5 d6 9. O-O h6 10. Bd2 O-O 11. Qf3 Rb8 12. a3 Ba5 13. b4 Bc7 14. Qg3 Kh8 15.
Be3 a5 16. Rab1 Ng4 17. bxa5 Rxb1 18. Rxb1 Nxe3 19. Qxe3 Bxa5 20. Rb8 Qc7 21.
Ra8 Bb6 22. Qf3 Kg8 23. Ba6 Be6 24. Rxf8+ Kxf8 25. Na4 Ba7 26. Bf1 Qa5 27. Nb2
f6 28. Qd3 Bc5 29. a4 Qb6 30. Nc4 Bxc4 31. Qxc4 Bxf2+ 32. Kh1 Qb1 33. Qe2 Bb6
34. Qa6 g5 35. Qc8+ Ke7 36. Qb7+ Ke6 37. Qc8+ Kf7 38. Qd7+ Kg6 39. Qe8+ Kg7 40.
Qe7+ Kg6 41. Qe8+ Kg7 42. Qe7+ Kg6 43. Qe8+ Kg7 44. Qe7+ {
Game drawn by repetition} 1/2-1/2

[Event "ICS Rated standard match"]
[Site "207.99.83.229"]
[Date "1999.07.07"]
[Round "?"]
[White "shandor"]
[Black "Hossa"]
[Result "0-1"]
[WhiteElo "1840"]
[BlackElo "2390"]
[PlyCount "50"]

1. e4 e5 2. Nf3 Nf6 3. Nxe5 d6 4. Nc4 Nxe4 5. Bd3 Nc5 6. Be2 d5 7. Ne5 d4 8. b4
Qf6 9. Ng4 Bxg4 10. Bxg4 d3 11. c3 Qe5+ 12. Kf1 Ne6 13. Na3 Bxb4 14. Nc4 Qe4
15. Ne3 Qe5 16. Qa4+ Nc6 17. Rb1 Nc5 18. Qd1 Ba5 19. Nc4 Qg5 20. Ba3 Bb6 21.
Qe1+ Kd8 22. Bf3 Re8 23. Qd1 Ne4 24. h4 Qg3 25. fxg3 25... Nxg3# {
shandor checkmated} 0-1

[Event "ICS Rated blitz match"]
[Site "207.99.83.229"]
[Date "1999.07.07"]
[Round "?"]
[White "occam"]
[Black "Hossa"]
[Result "1-0"]
[WhiteElo "2268"]
[BlackElo "2380"]
[PlyCount "151"]

1. e4 c5 2. Nc3 Nc6 3. Nf3 g6 4. d4 cxd4 5. Nxd4 Bg7 6. Be3 Qa5 7. a3 Nf6 8. b4
Qe5 9. f4 Qh5 10. Be2 Qh4+ 11. g3 Qh3 12. e5 Ng8 13. Ncb5 Rb8 14. Nxc6 bxc6 15.
Nxa7 Nh6 16. Nxc8 Rxc8 17. Ba6 Ra8 18. Qe2 Nf5 19. Bf2 O-O 20. O-O-O d6 21. e6
fxe6 22. Qxe6+ Kh8 23. Bf1 Qg4 24. Rd3 Qh5 25. h3 Qh6 26. Bg2 Rf6 27. Qe2 Rc8
28. Kb1 g5 29. g4 Nh4 30. Bxh4 Qxh4 31. Qxe7 d5 32. f5 Qf2 33. Bf3 Qh4 34. Re3
Qf2 35. Rd1 Ra8 36. Bh1 Qf4 37. Qc5 Rff8 38. Bf3 Rfb8 39. Rb3 Rxa3 40. Rxa3
Rxb4+ 41. Qxb4 Qxb4+ 42. Rb3 Qf4 43. Rdd3 Qe5 44. Kc1 Qa1+ 45. Kd2 Be5 46. Bd1
Bf4+ 47. Ke2 Qe5+ 48. Kf2 Kg7 49. Rb7+ Kh6 50. Rb6 Qc7 51. Rdb3 Bc1 52. Kg2 Be3
53. Ra6 Qc8 54. Be2 Qe8 55. Rc3 Bc5 56. Bd3 Qe7 57. Rxc6+ Bd6 58. Ra3 Kg7 59.
f6+ Kxf6 60. Raa6 Ke5 61. Rxd6 Kd4 62. Rh6 Qe3 63. Rae6 Qf4 64. Rxh7 Kc5 65.
Rb7 Qd2+ 66. Be2 Qxc2 67. h4 Qd2 68. hxg5 Qxg5 69. Rb5+ Kd4 70. Bf3 Kc4 71.
Rxd5 Qg7 72. Rc6+ Kb4 73. Be2 Qa7 74. Rb5+ Ka4 75. Rb1 Qb8 76. Ra6# {
Hossa checkmated} 1-0

[Event "ICS Rated blitz match"]
[Site "207.99.83.229"]
[Date "1999.07.07"]
[Round "?"]
[White "Masterchess"]
[Black "Hossa"]
[Result "1-0"]
[WhiteElo "2691"]
[BlackElo "2359"]
[PlyCount "86"]

1. d4 e6 2. e4 d5 3. Nc3 Bb4 4. e5 Ne7 5. a3 Bxc3+ 6. bxc3 O-O 7. Bd3 f6 8. Qh5
Nf5 9. Nf3 Nc6 10. exf6 Qxf6 11. O-O e5 12. Bg5 Qd6 13. Nxe5 Nxe5 14. dxe5 Qxe5
15. Bd2 Qe8 16. Qg4 Qf7 17. Rfe1 Be6 18. Rab1 c5 19. Rb2 Rae8 20. Qa4 Nd6 21.
f3 b6 22. Qc6 Nc4 23. Bxc4 dxc4 24. Qa4 Re7 25. Qc6 Qg6 26. Qd6 Ree8 27. Qc6
Kh8 28. Be3 Qf6 29. Bd2 Re7 30. Rbb1 Rfe8 31. Re4 Kg8 32. Rbe1 Qg6 33. Bf4 Qf5
34. Bd6 Rc8 35. Qxc8+ Bxc8 36. Rxe7 h5 37. Be5 g6 38. Re8+ Kf7 39. Bd6 g5 40.
Rf8+ Kg6 41. Rxf5 Bxf5 42. Re7 a6 43. Ra7 43... a5 {Hossa resigns} 1-0

[Event "ICS Rated blitz match"]
[Site "207.99.83.229"]
[Date "1999.07.07"]
[Round "?"]
[White "Hossa"]
[Black "occam"]
[Result "1-0"]
[WhiteElo "2355"]
[BlackElo "2289"]
[PlyCount "211"]

1. d4 Nf6 2. Nf3 d5 3. c4 e6 4. Nc3 Nbd7 5. cxd5 exd5 6. e3 c6 7. Bd3 Bd6 8.
O-O O-O 9. e4 dxe4 10. Nxe4 Be7 11. Nxf6+ Nxf6 12. Ne5 Nd5 13. Qc2 f5 14. Re1
Qb6 15. Qc4 Qb4 16. Qxb4 Bxb4 17. Re2 Ba5 18. Bg5 h6 19. Bd2 Bb6 20. Bc3 Rd8
21. Bc4 Kh7 22. Rae1 a5 23. Nf7 Rd7 24. Bxd5 Rxd5 25. Rd2 Kg6 26. Ne5+ Kf6 27.
Nc4 Bd8 28. Re8 g6 29. Rde2 Bd7 30. R8e5 Bc7 31. Re7 b5 32. Ne3 Rd6 33. Rh7 b4
34. Nc4 Rd5 35. Bd2 Rxd4 36. Ree7 Be8 37. Rxc7 Rxc4 38. Bxh6 Rd8 39. g3 Re4 40.
h4 Rb8 41. Bg5+ Ke6 42. Rhe7+ Kd5 43. Rxe4 fxe4 44. Ra7 Rb5 45. Re7 Rb8 46. Bf6
Rc8 47. Re5+ Kd6 48. Rxa5 c5 49. Ra7 Bb5 50. Rg7 Be8 51. Rb7 Ra8 52. Re7 Bc6
53. Rg7 Be8 54. Rg8 Ke6 55. Rf8 Kd7 56. Be5 Rxa2 57. Kf1 Ke7 58. Rf4 Bb5+ 59.
Ke1 Bd3 60. Rf6 Ra6 61. Rxa6 Bxa6 62. g4 Ke6 63. Bf4 Kd5 64. h5 gxh5 65. gxh5
Bc8 66. h6 Bf5 67. Ke2 Bg6 68. Bg5 Kd4 69. Bf6+ Kc4 70. Ke3 Kd5 71. Be7 b3 72.
Kf4 c4 73. Bb4 Kd4 74. Kg5 Bh7 75. Kf6 Kd3 76. Kg7 Bf5 77. Kf7 Bh7 78. Ba5 Kc2
79. Bc3 Bf5 80. Kf6 e3 81. fxe3 Be4 82. Kg7 Kd3 83. Bd4 c3 84. Bxc3 Kxe3 85. h7
Bxh7 86. Kxh7 Ke4 87. Kg6 Kf4 88. Kf6 Ke4 89. Ke6 Ke3 90. Kd5 Kd3 91. Kc5 Ke4
92. Kc4 Ke3 93. Kxb3 Kd3 94. Kb4 Ke4 95. Kc5 Kd3 96. b4 Kxc3 97. b5 Kd3 98. b6
Ke4 99. b7 Ke5 100. b8=Q+ Ke4 101. Qc8 Ke5 102. Qg4 Kf6 103. Kd6 Kf7 104. Qg5
Kf8 105. Ke6 Ke8 106. Qg8# {occam checkmated} 1-0

[Event "ICS Rated blitz match"]
[Site "207.99.83.229"]
[Date "1999.07.07"]
[Round "?"]
[White "Hossa"]
[Black "JudgeTurpin"]
[Result "0-1"]
[WhiteElo "2368"]
[BlackElo "2411"]
[PlyCount "179"]

1. d4 d5 2. c4 c6 3. Nc3 Nf6 4. Nf3 e6 5. e3 Nbd7 6. Bd3 dxc4 7. Bxc4 b5 8. Bd3
Bb7 9. e4 b4 10. Na4 c5 11. e5 Nd5 12. Nxc5 Nxc5 13. dxc5 Bxc5 14. Qa4+ Kf8 15.
O-O Be7 16. Rd1 Nb6 17. Qc2 Bxf3 18. gxf3 Rc8 19. Qe2 Nd5 20. Be3 Nxe3 21. fxe3
Qc7 22. Ba6 Rd8 23. Rxd8+ Bxd8 24. Rd1 g6 25. Qd3 Be7 26. Qe4 Kg7 27. f4 Rd8
28. Bd3 Qa5 29. Qc4 Qb6 30. Qe4 b3 31. axb3 Qxb3 32. Rd2 Bc5 33. Kh1 Qd5 34.
Qxd5 Rxd5 35. e4 Rd8 36. f5 exf5 37. exf5 gxf5 38. Rg2+ Kh6 39. Rg3 Bd4 40.
Bxf5 Bxe5 41. Rh3+ Kg5 42. Bxh7 Rd1+ 43. Kg2 Rd2+ 44. Kg1 Rxb2 45. Bg8 f5 46.
Rh7 a5 47. h4+ Kg4 48. h5 Kg5 49. Kf1 Rh2 50. Be6 f4 51. Ra7 Bc3 52. Rf7 Bd2
53. Rf5+ Kh6 54. Bf7 a4 55. Kg1 Rh3 56. Kg2 Rc3 57. Kf2 Rc7 58. Ke2 Be3 59. Kf3
Bc1 60. Kg4 Rc3 61. Bd5 Rg3+ 62. Kh4 Bd2 63. Rf6+ Kh7 64. Ra6 Be1 65. Re6 Bf2
66. Re2 Be3 67. Rc2 Bb6 68. Be4+ Kg8 69. Rc8+ Kf7 70. Bd5+ Kg7 71. h6+ Kxh6 72.
Rf8 Be3 73. Be4 Kg7 74. Rf5 a3 75. Bd5 Kg6 76. Be4 Rg1 77. Ra5+ Kf6 78. Rxa3
Ke5 79. Bc6 Bb6 80. Rf3 Be3 81. Kh5 Rc1 82. Bb7 Kf5 83. Kh6 Rh1+ 84. Kg7 Bd4+
85. Kf8 Rh8+ 86. Ke7 Rh7+ 87. Kd6 Rxb7 88. Kd5 Rd7+ 89. Kc6 Rd8 90. Rf1 {
Hossa resigns} 0-1

[Event "ICS rated bullet match"]
[Site "207.99.83.229"]
[Date "1999.07.07"]
[Round "?"]
[White "Hossa"]
[Black "Amateur"]
[Result "0-1"]
[WhiteElo "2474"]
[BlackElo "2456"]
[PlyCount "84"]

1. d4 Nf6 2. c4 e6 3. Nc3 d5 4. cxd5 exd5 5. Bg5 Be7 6. Qc2 O-O 7. Nf3 Nc6 8.
Qb3 Na5 9. Qc2 Be6 10. e3 h6 11. Bxf6 Bxf6 12. Bd3 Re8 13. O-O Bg4 14. Nd2 Qd7
15. Rac1 Rac8 16. a4 a6 17. Rce1 c5 18. Bh7+ Kh8 19. dxc5 Rxc5 20. f3 Be6 21.
Ndb1 d4 22. b4 Rc4 23. exd4 Bxd4+ 24. Kh1 Nc6 25. Be4 Nxb4 26. Qb2 f5 27. Rd1
fxe4 28. fxe4 Qc8 29. h4 Bg4 30. Rxd4 Rxd4 31. Rf7 Rf8 32. Qf2 Rxf7 33. Qxd4
Rf1+ 34. Kh2 Nc2 35. Qe5 Qd8 36. Kg3 h5 37. Qc5 Rh1 38. Kf4 Qf6+ 39. Kg3 Qxh4+
40. Kf4 Rf1+ 41. Qf2 Qxf2+ 42. Kg5 42... Qf6# {Hossa checkmated} 0-1

[Event "ICS Rated bullet match"]
[Site "207.99.83.229"]
[Date "1999.07.07"]
[Round "?"]
[White "Amateur"]
[Black "Hossa"]
[Result "1-0"]
[WhiteElo "2473"]
[BlackElo "2457"]
[PlyCount "119"]

1. e4 g6 2. d4 Bg7 3. Nc3 d6 4. Be3 Nf6 5. Nf3 O-O 6. Be2 Bg4 7. e5 Nfd7 8. h3
Bxf3 9. Bxf3 Nc6 10. exd6 exd6 11. O-O Re8 12. Qd2 a6 13. Nd5 Rc8 14. Rae1 Re6
15. Bg5 Qe8 16. Nf4 Rxe1 17. Rxe1 Qf8 18. Bxc6 bxc6 19. Be7 Qe8 20. Bxd6 cxd6
21. Rxe8+ Rxe8 22. Qb4 d5 23. Nd3 Nb8 24. Qb6 Bf8 25. Ne5 Bd6 26. g4 Bxe5 27.
dxe5 h6 28. h4 Rf8 29. Kg2 Re8 30. Kg3 Rf8 31. h5 g5 32. f4 gxf4+ 33. Kxf4 Kh7
34. Qb7 Kg7 35. e6 Kg8 36. g5 fxe6+ 37. Kg4 hxg5 38. h6 Rf7 39. Qxb8+ Kh7 40.
Qd6 Kxh6 41. Qxe6+ Kg7 42. Qxc6 Rf6 43. Qxd5 Rg6 44. Qe5+ Kh7 45. Qe7+ Rg7 46.
Qe4+ Kh6 47. Qa8 Kh7 48. Qxa6 Rg6 49. Qd3 Kh8 50. Kh5 Rg7 51. Kh6 Kg8 52. Qd8+
Kf7 53. Qd7+ Kf8 54. Qxg7+ Ke8 55. Kxg5 Kd8 56. b4 Kc8 57. b5 Kd8 58. b6 Ke8
59. b7 Kd8 60. b8=Q# {Hossa checkmated} 1-0

[Event "ICS Rated blitz match"]
[Site "207.99.83.229"]
[Date "1999.07.07"]
[Round "?"]
[White "occam"]
[Black "Hossa"]
[Result "0-1"]
[WhiteElo "2276"]
[BlackElo "2354"]
[PlyCount "82"]

1. e4 e5 2. Nf3 Nc6 3. Nc3 Nf6 4. d4 exd4 5. Nxd4 Bb4 6. Nxc6 bxc6 7. f3 Bxc3+
8. bxc3 O-O 9. Bf4 Nh5 10. Be3 f5 11. Qd4 fxe4 12. fxe4 a5 13. Rd1 Qh4+ 14. Bf2
Qg5 15. Bc4+ d5 16. exd5 Qxg2 17. dxc6+ Kh8 18. Bd5 Re8+ 19. Be3 Qh3 20. Kd2
Bf5 21. Rdg1 Rad8 22. Bh6 Bg6 23. c4 Nf6 24. Be3 Nxd5 25. cxd5 Rxd5 26. Kc1
Rxd4 27. Bxd4 Re2 28. Kb1 Rxh2 29. Rxh2 Qxh2 30. Rc1 Qf4 31. Bc3 Qa4 32. Kb2
Be4 33. Be1 Qxc6 34. c4 Qb6+ 35. Ka1 a4 36. c5 Qh6 37. Rc3 a3 38. c6 Qf6 39.
Bd2 Qd4 40. Be1 Qd1+ 41. Rc1 41... Qxc1# {occam checkmated} 0-1

[Event "ICS Rated standard match"]
[Site "207.99.83.229"]
[Date "1999.07.07"]
[Round "?"]
[White "Hossa"]
[Black "DiepX"]
[Result "0-1"]
[WhiteElo "2391"]
[BlackElo "2423"]
[PlyCount "127"]

1. d4 Nf6 2. c4 e6 3. Nc3 Bb4 4. a3 Bxc3+ 5. bxc3 O-O 6. f3 d5 7. e3 c5 8. Bb2
b6 9. cxd5 exd5 10. Kf2 Re8 11. Bb5 Bd7 12. Bd3 Qe7 13. Qd2 Nc6 14. Rd1 Na5 15.
Qe2 Rac8 16. Ba6 Rb8 17. Bd3 cxd4 18. cxd4 b5 19. Re1 Nc4 20. e4 Nxe4+ 21. fxe4
Qf6+ 22. Nf3 dxe4 23. Bxe4 Bf5 24. Qc2 Bxe4 25. Rxe4 Rxe4 26. Qxe4 Nxb2 27. Rb1
Nc4 28. Rxb5 Qd8 29. Rxb8 Qxb8 30. a4 h6 31. g4 Qc8 32. Qe7 a6 33. h3 Nb6 34.
a5 Nd5 35. Qd6 Qc4 36. Kg3 Nc3 37. Qb8+ Kh7 38. Qe5 f6 39. Qf5+ Kh8 40. Qd7
Ne4+ 41. Kf4 Nf2 42. Qe8+ Kh7 43. Kg3 Qc2 44. Qa8 Nh1+ 45. Kf4 Qc1+ 46. Ke4
Nf2+ 47. Kd5 Qe3 48. Kd6 Ne4+ 49. Kd7 Qxf3 50. Qxa6 Qxh3 51. Qe6 Qd3 52. Qf5+
Kh8 53. Ke7 Qa3+ 54. Ke6 Qd6+ 55. Kf7 Qc7+ 56. Ke6 Ng5+ 57. Kd5 h5 58. a6 Qa5+
59. Kc4 Qxa6+ 60. Kb4 h4 61. d5 h3 62. Qd7 Qe2 63. Qc8+ Kh7 64. d6 {
Hossa resigns} 0-1

[Event "ICS Rated bullet match"]
[Site "207.99.83.229"]
[Date "1999.07.07"]
[Round "?"]
[White "Hossa"]
[Black "DiepX"]
[Result "0-1"]
[WhiteElo "2442"]
[BlackElo "2517"]
[PlyCount "88"]

1. d4 Nf6 2. c4 e6 3. Nc3 Bb4 4. a3 Bxc3+ 5. bxc3 c5 6. f3 d5 7. cxd5 Nxd5 8.
Qd3 O-O 9. e4 Ne7 10. Kf2 cxd4 11. cxd4 Nbc6 12. Ne2 f5 13. Kg1 fxe4 14. fxe4
Ng6 15. Bd2 Qf6 16. Qe3 b6 17. Rc1 Bd7 18. h3 Rac8 19. Rh2 e5 20. d5 Nd4 21.
Rb1 Bb5 22. Ng3 Nc2 23. Qf3 Qxf3 24. gxf3 Rxf3 25. Rxb5 Rxg3+ 26. Kf2 Rxa3 27.
Rb1 Nd4 28. Kg2 Rc2 29. Kh1 Nf3 30. Bf4 Nxh2 31. Bxh2 Nf4 32. Bxf4 exf4 33. d6
g5 34. Rd1 Rc8 35. Re1 Kf7 36. e5 Ke6 37. h4 g4 38. Re4 Rf3 39. Bg2 Rc1+ 40.
Kh2 Rf2 41. d7 Kf5 42. Re1 Rxe1 43. e6 f3 44. e7 44... Rxg2# {Hossa checkmated}
0-1

[Event "ICS Rated blitz match"]
[Site "207.99.83.229"]
[Date "1999.07.07"]
[Round "?"]
[White "Hossa"]
[Black "Talmoves"]
[Result "0-1"]
[WhiteElo "2366"]
[BlackElo "2528"]
[PlyCount "127"]

1. d4 Nf6 2. c4 g6 3. g3 Bg7 4. Bg2 O-O 5. Nc3 d6 6. Nf3 Nbd7 7. O-O e5 8. Bg5
h6 9. Bh4 g5 10. Nxg5 hxg5 11. Bxg5 c6 12. d5 cxd5 13. Nxd5 Nb6 14. Nxb6 Qxb6
15. Qd2 Bf5 16. a4 Rac8 17. a5 Qb3 18. Bxf6 Bxf6 19. a6 bxa6 20. Rxa6 Rxc4 21.
Rxa7 Rd4 22. Qh6 Bg7 23. Qg5 Qc2 24. Re7 Be6 25. e3 Rg4 26. Qh5 Rb4 27. e4 Rxb2
28. Ra7 Qc5 29. Raa1 Bc4 30. Rab1 Rfb8 31. Rbc1 Ra2 32. Qf5 Rbb2 33. Rc3 Be6
34. Rxc5 Bxf5 35. Rcc1 Bg6 36. Rb1 Rxb1 37. Rxb1 d5 38. h4 d4 39. Bf3 Ra3 40.
Kg2 Bh6 41. Rb8+ Kg7 42. Rb5 f6 43. Rb7+ Kf8 44. Rb6 Kf7 45. h5 Bh7 46. Rb7+
Kg8 47. Rd7 Bd2 48. g4 Rc3 49. Rd8+ Kg7 50. Rd7+ Kh6 51. Rf7 Bg5 52. Ra7 d3 53.
Rd7 d2 54. Rd8 Rc4 55. Bd1 Bxe4+ 56. f3 Rc1 57. Ba4 Bc2 58. Bxc2 Rxc2 59. Kf1
Rc1+ 60. Kg2 d1=Q 61. Rxd1 Rxd1 62. Kf2 Rd2+ 63. Kf1 Be3 64. Ke1 {Hossa resigns
} 0-1

[Event "ICS Rated blitz match"]
[Site "207.99.83.229"]
[Date "1999.07.07"]
[Round "?"]
[White "occam"]
[Black "Hossa"]
[Result "0-1"]
[WhiteElo "2264"]
[BlackElo "2357"]
[PlyCount "234"]

1. e4 e5 2. Nf3 Nc6 3. Nc3 Nf6 4. d4 exd4 5. Nxd4 Bb4 6. a3 Bxc3+ 7. bxc3 Qe7
8. Nb5 d5 9. Bf4 O-O 10. Qe2 Re8 11. Nxc7 Qc5 12. Qd2 Nxe4 13. Qe3 Re7 14. Qxc5
Nxc5+ 15. Be2 Ne6 16. Nxe6 Rxe6 17. Rd1 Re4 18. Bc1 Be6 19. f3 Re5 20. Bf4 Rf5
21. Be3 Rc8 22. Kd2 b6 23. g4 Rf6 24. Rhf1 Na5 25. Kd3 Nc4 26. Bc1 Kh8 27. Kd4
Na5 28. Bg5 Rg6 29. Bf4 Nc6+ 30. Kd3 Re8 31. Kd2 Bd7 32. Bb5 Rf6 33. Bg3 Rc8
34. Kc1 Be6 35. Ba6 Rg8 36. Bb7 Ne7 37. Rf2 b5 38. Be5 Rg6 39. Re2 Rd8 40. Kd2
h5 41. gxh5 Rh6 42. Rb1 Rxh5 43. Rxb5 Rd7 44. Bb8 a5 45. Ba8 Rd8 46. Rb6 Kh7
47. Rg2 Rf5 48. Rg3 Kg8 49. Rb2 Rh5 50. Rg1 Rh8 51. Rb6 Kh7 52. Rgb1 Rhe8 53.
R1b2 g5 54. R6b5 f6 55. Rb6 Bg8 56. Kd3 Kg6 57. a4 Bf7 58. R6b5 Be6 59. R5b3
Bf5+ 60. Kd2 Bd7 61. Rb6 Bxa4 62. Kd3 Nf5 63. Rb7 Re3+ 64. Kd2 Rxf3 65. R7b6
Be8 66. Re6 Kf7 67. Rbb6 Ne7 68. Re2 Rf5 69. Rb7 Bd7 70. Bg3 a4 71. Rc7 g4 72.
Bd6 Nc8 73. Bc5 Kg6 74. Bb7 Rf1 75. Bd4 Bf5 76. Bc6 Kg5 77. Rg7+ Kh6 78. Rf7 a3
79. Rxf6+ Kg5 80. Bb7 a2 81. Ra6 Nd6 82. Bxd5 a1=Q 83. Rxa1 Rxa1 84. Re5 Ra5
85. Kc1 Kf4 86. Bb6 Kxe5 87. Bxa5 Rh8 88. c4 Rxh2 89. Bc3+ Kf4 90. Bd2+ Kg3 91.
Kd1 Ne4 92. Ba5 Kh3 93. Bb4 g3 94. Ba5 Rf2 95. Bxe4 Bxe4 96. Bb6 Rxc2 97. Ba7
Rxc4 98. Kd2 Kh2 99. Bb8 Rc8 100. Be5 Rg8 101. Ke3 Kh1 102. Bxg3 Rxg3+ 103.
Kxe4 Rh3 104. Ke5 Kg2 105. Kf4 Rh5 106. Ke4 Kg3 107. Kd3 Rh4 108. Ke3 Ra4 109.
Kd3 Kf3 110. Kc3 Ke3 111. Kb3 Re4 112. Kc3 Ke2 113. Kc2 Re3 114. Kb2 Kd2 115.
Kb1 Kc3 116. Ka2 Re1 117. Ka3 117... Ra1# {occam checkmated} 0-1

[Event "ICS Rated bullet match"]
[Site "207.99.83.229"]
[Date "1999.07.07"]
[Round "?"]
[White "DiepX"]
[Black "Hossa"]
[Result "1-0"]
[WhiteElo "2530"]
[BlackElo "2429"]
[PlyCount "58"]

1. e4 d6 2. Nf3 Nf6 3. Nc3 e5 4. d4 exd4 5. Nxd4 Be7 6. Be2 O-O 7. O-O Nc6 8.
f4 Nxd4 9. Qxd4 Be6 10. Be3 Ng4 11. Bxg4 Bxg4 12. f5 Qd7 13. h3 Bh5 14. g4 Bf6
15. Qc4 b5 16. Qxb5 Qe7 17. gxh5 Bxc3 18. bxc3 Qh4 19. Kh2 Qxe4 20. Qd3 Rfe8
21. Rae1 Qa4 22. h6 Re5 23. hxg7 Qxa2 24. c4 Rae8 25. f6 a5 26. Ra1 Qxa1 27.
Rxa1 Rxe3 28. Qd5 Re2+ 29. Kg3 29... R2e3+ {Hossa resigns} 1-0

[Event "ICS rated bullet match"]
[Site "207.99.83.229"]
[Date "1999.07.07"]
[Round "?"]
[White "Hossa"]
[Black "DiepX"]
[Result "1-0"]
[WhiteElo "2418"]
[BlackElo "2541"]
[PlyCount "117"]

1. d4 d5 2. c4 dxc4 3. Nf3 Nf6 4. e3 e6 5. Bxc4 c5 6. O-O a6 7. Qe2 b5 8. Bb3
Bb7 9. Rd1 Nbd7 10. Nc3 Qb8 11. d5 exd5 12. Nxd5 Nxd5 13. Bxd5 Bxd5 14. Rxd5
Be7 15. Rb1 Qb7 16. e4 Nf6 17. Re5 O-O 18. Bg5 c4 19. Rd1 Rfd8 20. Nd4 Qc7 21.
Bxf6 Bxf6 22. Rd5 Rxd5 23. exd5 Qd7 24. Nf3 Re8 25. Qd2 Qd6 26. h4 h5 27. Rf1
Re4 28. g3 b4 29. Rd1 Re8 30. Qc2 c3 31. bxc3 Bxc3 32. Ng5 Qg6 33. Qxg6 fxg6
34. d6 Bf6 35. d7 Ra8 36. Rc1 Rd8 37. Rc8 Kf8 38. Ne6+ Ke7 39. Nxd8 Kxd7 40.
Ra8 Bxd8 41. Rxa6 Bf6 42. Rb6 Bc3 43. Rxg6 Bf6 44. f3 Ke6 45. g4 hxg4 46. fxg4
Ke5 47. h5 Kf4 48. Rxf6+ Ke4 49. Rg6 Kd5 50. Rxg7 Kc6 51. h6 Kb6 52. h7 Kc6 53.
h8=Q Kb5 54. Qb8+ Kc5 55. Rc7+ Kd4 56. Qxb4+ Kd5 57. Qc5+ Ke6 58. Kf2 Kf6 59.
Qf5# {DiepX checkmated} 1-0

[Event "ICS rated bullet match"]
[Site "207.99.83.229"]
[Date "1999.07.07"]
[Round "?"]
[White "DiepX"]
[Black "Hossa"]
[Result "1-0"]
[WhiteElo "2520"]
[BlackElo "2439"]
[PlyCount "30"]

1. e4 e5 2. f4 exf4 3. Bc4 Qh4+ 4. Kf1 Nc6 5. Nf3 Qg4 6. Nc3 Bb4 7. h3 Qg3 8.
Ne2 Qg6 9. d3 Nf6 10. Nxf4 Qg3 11. e5 Ng8 12. Nh5 Be1 13. Nxg3 Bxg3 14. Bxf7+
Kxf7 15. Ng5+ 15... Kg6 {Hossa resigns} 1-0

[Event "ICS Rated bullet match"]
[Site "207.99.83.229"]
[Date "1999.07.07"]
[Round "?"]
[White "Hossa"]
[Black "DiepX"]
[Result "0-1"]
[WhiteElo "2427"]
[BlackElo "2532"]
[PlyCount "114"]

1. d4 d5 2. c4 Nc6 3. Nc3 dxc4 4. Nf3 Nf6 5. d5 Na5 6. Ne5 c6 7. dxc6 Qxd1+ 8.
Kxd1 Nxc6 9. Nxc6 bxc6 10. e4 e5 11. Kc2 Be6 12. Bg5 Bc5 13. Bxf6 gxf6 14. f4
exf4 15. Na4 Be3 16. Re1 Ke7 17. Nc3 Rhg8 18. h4 Kd6 19. Kb1 Ke5 20. Nd1 Bd2
21. Re2 Rad8 22. Kc2 Bg4 23. Rxd2 Rxd2+ 24. Kxd2 Rd8+ 25. Kc3 Rxd1 26. h5 Be2
27. Bxe2 Rxh1 28. Bf3 Rc1+ 29. Kd2 Ra1 30. Kc3 Rxa2 31. Bd1 h6 32. Bf3 a5 33.
Be2 Ra1 34. Kxc4 a4 35. Bf3 Ra2 36. Kc3 c5 37. Kc2 a3 38. Kb3 Rxb2+ 39. Kxa3
Rb8 40. Ka4 c4 41. Ka3 c3 42. Bd1 Rb2 43. Bb3 Rxg2 44. Bxf7 f3 45. Bc4 Rg1 46.
Kb3 Rc1 47. Kb4 f2 48. Kb3 Kxe4 49. Ka4 Rb1 50. Bb3 Ra1+ 51. Kb4 f1=Q 52. Kc5
Ra5+ 53. Kb4 Qb5+ 54. Kxc3 Ra3 55. Kd2 Qxb3 56. Ke2 Qc2+ 57. Ke1 57... Ra1# {
Hossa checkmated} 0-1